Nové metódy vo výkone miestnej samosprávy
Požiadavky kladené na miestne samosprávy ako aktérov lokálnych rozvojových procesov, ktoré sú integrálnou súčasťou inštitucionálneho prostredia v danom území. Metódy a postupy pri výkone riadenia miestnej samosprávy.
Gespeichert in:
| 1. Verfasser: | |
|---|---|
| Format: | Buchkapitel |
| Sprache: | Slowakisch |
| Schlagworte: | |
| Tags: |
Keine Tags, Fügen Sie das erste Tag hinzu!
|
MARC
| LEADER | 00000naa$a2200000$$$4500 | ||
|---|---|---|---|
| 001 | 0167850 | ||
| 005 | 20240522124127.7 | ||
| 041 | 0 | |a slo | |
| 044 | |a SK | ||
| 245 | 1 | 0 | |a Nové metódy vo výkone miestnej samosprávy |c Elena Žárska |
| 520 | |a Požiadavky kladené na miestne samosprávy ako aktérov lokálnych rozvojových procesov, ktoré sú integrálnou súčasťou inštitucionálneho prostredia v danom území. Metódy a postupy pri výkone riadenia miestnej samosprávy. | ||
| 610 | 2 | 0 | |a samospráva miestna |
| 610 | 2 | 0 | |a samospráva regionálna |
| 610 | 2 | 0 | |a správa miestna |
| 610 | 2 | 0 | |a služby verejné |
| 610 | 2 | 0 | |a metódy riadenia |
| 610 | 2 | 0 | |a manažment verejnej správy |
| 100 | 1 | |a Žárska, Elena, 1955- | |